Information flow and knowledge sharing / (Record no. 86197)
[ view plain ]
| 000 -LEADER | |
|---|---|
| fixed length control field | 01177nam a2200337 a 4500 |
| 001 - CONTROL NUMBER | |
| control field | 86197 |
| 003 - CONTROL NUMBER IDENTIFIER | |
| rucl marc code | BD-RjUL |
| 005 - DATE AND TIME OF LATEST TRANSACTION | |
| control field | 20260224101057.0 |
| 008 - FIXED-LENGTH DATA ELEMENTS--GENERAL INFORMATION | |
| fixed length control field | 260224s2008 ne a b 001 0 eng d |
| 020 ## - INTERNATIONAL STANDARD BOOK NUMBER | |
| International Standard Book Number | 9780444529350 |
| Qualifying information | alk. paper |
| International Standard Book Number | 0444529357 |
| 035 ## - SYSTEM CONTROL NUMBER | |
| System control number | (BD-RjUL)86197 |
| 040 ## - CATALOGING SOURCE | |
| Original cataloging agency | BTCTA |
| Transcribing agency | BTCTA |
| Modifying agency | BAKER |
| -- | YDXCP |
| -- | DLC |
| -- | BD-RjUL |
| Language of cataloging | eng |
| 041 ## - LANGUAGE CODE | |
| Language code of text/sound track or separate title | eng |
| 082 00 - DEWEY DECIMAL CLASSIFICATION NUMBER | |
| Edition number | 23 |
| Classification number | 003.54 |
| Author mark and year | INF 2008 |
| 245 00 - TITLE STATEMENT | |
| Title | Information flow and knowledge sharing / |
| Statement of responsibility, etc. | edited by Flávio Soares Corrêa da Silva, Jaume Agustí-Cullell. |
| 260 ## - PUBLICATION, DISTRIBUTION, ETC. (IMPRINT) | |
| Place of publication, distribution, etc. | Amsterdam ; |
| -- | Boston : |
| Name of publisher, distributor, etc. | Elsevier, |
| Date of publication, distribution, etc. | c2008. |
| 300 ## - PHYSICAL DESCRIPTION | |
| Pagination | xiv, 279 p. : |
| Illustrations | ill., maps ; |
| Size | 25 cm. |
| 336 ## - CONTENT TYPE | |
| Content type term | text |
| Content type code | txt |
| Source | rdacontent |
| 337 ## - MEDIA TYPE | |
| Media type term | unmediated |
| Media type code | n |
| Source | rdamedia |
| 338 ## - CARRIER TYPE | |
| Carrier type term | volume |
| Carrier type code | nc |
| Source | rdacarrier |
| 504 ## - BIBLIOGRAPHY, ETC. NOTE | |
| Bibliography, etc | Includes bibliographical references (p. 275-277) and index. |
| 650 #0 - SUBJECT ADDED ENTRY--TOPICAL TERM | |
| Topical term or geographic name as entry element | Knowledge, Theory of. |
| Topical term or geographic name as entry element | Information theory |
| General subdivision | Philosophy. |
| 9 (RLIN) | 17769 |
| 700 1# - ADDED ENTRY--PERSONAL NAME | |
| Personal name | Silva, Flávio Soares Corrêa da. |
| Personal name | Agustí i Cullell, Jaume. |
| 830 ## - SERIES ADDED ENTRY--UNIFORM TITLE | |
| Uniform title | Capturing intelligence, |
| 942 ## - ADDED ENTRY ELEMENTS (KOHA) | |
| Source of classification or shelving scheme | Dewey Decimal Classification |
| Koha item type | Books |
| Lost status | Source of classification or shelving scheme | Damaged status | Not for loan | Collection code | Permanent Location | Current Location | Shelving location | Date acquired | Source of acquisition | Cost, normal purchase price | Total Checkouts | Full call number | Date last seen | Copy number | Koha item type |
|---|---|---|---|---|---|---|---|---|---|---|---|---|---|---|---|
| Dewey Decimal Classification | Not For Loan | Non-fiction | Central Library, University of Rajshahi | Central Library, University of Rajshahi | Reading Room | 19/02/2026 | Book Finder, Dhaka | 14819.00 | 003.54 INF 2008 | 24/02/2026 | C-1 | Books |